000 00319nam a2200133Ia 4500
008 151001s9999||||xx |||||||||||||| ||und||
100 _aलक्ष्मण लोंढे
245 _aपालवी
250 _a1
260 _bपुण्य
260 _c2000
300 _a160
365 _b21
999 _c978135
_d978132